000
00294nam a22001457a 4500
008
210429b ||||| |||| 00| 0 eng d
020
_a
73339
041
_a
eng
080
_a
316
082
_a
316
100
_a
50
101
_a
SOC
245
_a
Popular Science
_c
Grolier
942
_2
udc
_c
BK
999
_c
56930
_d
56930